| 000 | 00461nam a22001817a 4500 | ||
|---|---|---|---|
| 003 | CEME | ||
| 005 | 20210628205547.0 | ||
| 008 | 201230b xxu||||| |||| 00| 0 eng d | ||
| 020 | _a9788120344044 | ||
| 040 | _cceme | ||
| 082 | _a621.815 RAV | ||
| 100 |
_aRavi, V _976053 |
||
| 245 | _aTheory of machines - kinematics | ||
| 260 |
_aINDIA _bPHI LEARNING _c2011 |
||
| 300 | _aXIV, 385P | ||
| 650 |
_aTHEORY OF MACHINES - KINEMATICS _976054 |
||
| 942 |
_cBK _2ddc |
||
| 999 |
_c581461 _d581461 |
||